Naučte se Python

Salvato in:
Dettagli Bibliografici
Autore principale: Lutz, Mark
Altri autori: Ascher, David, Mareček, Jakub
Natura: Libro
Lingua:ceco
Pubblicazione: Praha GRADA Publishing 2003
Soggetti:
Tags: Aggiungi Tag
Nessun Tag, puoi essere il primo ad aggiungerne!!

MARC

LEADER 00000nam$a2200000$$$4500
001 0035369
005 20240313133248.1
020 |a 80-247-0367-X 
041 0 |a cze 
044 |a CZ 
245 1 0 |a Naučte se Python  |c Mark Lutz, David Ascher ; přeložil: Jakub Mareček 
264 1 |a Praha  |b GRADA Publishing  |c 2003 
300 |a 339 s. 
610 2 0 |a jazyky programovacie 
610 2 0 |a softvér 
610 2 0 |a programovanie 
610 2 0 |a Python 
100 1 |a Lutz, Mark 
700 1 |a Ascher, David 
700 1 |a Mareček, Jakub